Islands by Largest City #3 - Statistics

General Stats
  • This quiz has been taken 24 times
  • The average score is 12 of 20
Answer Stats
Hint Answer % Correct
New York City Long Island
100%
Dili Timor
96%
Port-of-Spain Trinidad
96%
Port Louis Mauritius
83%
Las Palmas Gran Canaria
75%
Davao City Mindanao
75%
Yuzhno-Sakhalinsk Sakhalin
75%
Saint-Denis Réunion
71%
Makassar Sulawesi
71%
Haikou Hainan
67%
Santa Cruz Tenerife
67%
Samarinda Borneo
46%
Matsuyama Shikoku
46%
Victoria Vancouver Island
46%
Bacolod Negros
33%
Stone Town Unguja (Zanzibar)
33%
Odense Funen
29%
Jayapura New Guinea
29%
Suva Viti Levu
29%
Iloilo City Panay
25%
No matching quizzes found
Score Distribution
Percent of People with Each Score
Percentile by Number Answered
Your Score History
You have not taken this quiz